Handbook of photovoltaic science and engineering (Record no. 355865)

000 -LEADER
fixed length control field 01725cam a2200373 a 4500
001 - CONTROL NUMBER
control field 9181479
003 - CONTROL NUMBER IDENTIFIER
control field USPCAS-E
005 - DATE AND TIME OF LATEST TRANSACTION
control field 20180118181416.0
006 - FIXED-LENGTH DATA ELEMENTS--ADDITIONAL MATERIAL CHARACTERISTICS
fixed length control field m d
007 - PHYSICAL DESCRIPTION FIXED FIELD--GENERAL INFORMATION
fixed length control field cr n
008 - FIXED-LENGTH DATA ELEMENTS--GENERAL INFORMATION
fixed length control field 100813s2011 enkab sbf 001 0 eng d
020 ## - INTERNATIONAL STANDARD BOOK NUMBER
International Standard Book Number 9780470721698
020 ## - INTERNATIONAL STANDARD BOOK NUMBER
International Standard Book Number 0470721693
035 ## - SYSTEM CONTROL NUMBER
System control number (WaSeSS)ssj0000476949
040 ## - CATALOGING SOURCE
Original cataloging agency DLC
Transcribing agency DLC
Modifying agency YDX
-- YDXCP
-- BWX
-- CDX
-- GA0
-- VLB
-- BTCTA
-- DLC
-- WaSeSS
050 #4 - LIBRARY OF CONGRESS CALL NUMBER
Classification number TK8322
Item number .H33 2011
082 00 - DEWEY DECIMAL CLASSIFICATION NUMBER
Classification number 621.31244
Edition number 22
Author Mark HAN 2011
210 10 - ABBREVIATED TITLE
Abbreviated title Handbook of photovoltaic science and engineering
245 00 - TITLE STATEMENT
Title Handbook of photovoltaic science and engineering
Medium [electronic resource] /
Statement of responsibility, etc. edited by Antonio Luque and Steven Hegedus.
250 ## - EDITION STATEMENT
Edition statement 2nd ed.
260 ## - PUBLICATION, DISTRIBUTION, ETC.
Place of publication, distribution, etc. Chichester, West Sussex, U.K. :
Name of publisher, distributor, etc. Wiley,
Date of publication, distribution, etc. 2011.
502 ## - DISSERTATION NOTE
Dissertation note .
504 ## - BIBLIOGRAPHY, ETC. NOTE
Bibliography, etc. note Includes bibliographical references and index.
506 ## - RESTRICTIONS ON ACCESS NOTE
Terms governing access License restrictions may limit access.
520 ## - SUMMARY, ETC.
Summary, etc. Fully revised and updated, the Handbook of Photovoltaic Science and Engineering, Second Edition incorporates the substantial technological advances and research developments in photovoltaics since its previous release. All topics relating to the photovoltaic (PV) industry are discussed with contributions by distinguished international experts in the field.
650 #0 - SUBJECT ADDED ENTRY--TOPICAL TERM
Topical term or geographic name entry element Photovoltaic cells
Form subdivision Handbooks, manuals, etc.
650 #0 - SUBJECT ADDED ENTRY--TOPICAL TERM
Topical term or geographic name entry element Photovoltaic power generation
Form subdivision Handbooks, manuals, etc.
700 1# - ADDED ENTRY--PERSONAL NAME
Personal name Luque, A.
Fuller form of name (Antonio)
700 1# - ADDED ENTRY--PERSONAL NAME
Personal name Hegedus, Steven.
773 #0 - HOST ITEM ENTRY
Title Wiley-Blackwell Online Books
856 40 - ELECTRONIC LOCATION AND ACCESS
Uniform Resource Identifier <a href="http://www.columbia.edu/cgi-bin/cul/resolve?clio9181479">http://www.columbia.edu/cgi-bin/cul/resolve?clio9181479</a>
Public note Full text available from Wiley-Blackwell Online Books
910 ## - USER-OPTION DATA (OCLC)
User-option data Library of Congress record
942 ## - ADDED ENTRY ELEMENTS (KOHA)
Source of classification or shelving scheme
Koha item type Book
Holdings
Withdrawn status Lost status Source of classification or shelving scheme Damaged status Not for loan Collection code Permanent Location Current Location Shelving location Date acquired Source of acquisition Cost, normal purchase price Total Checkouts Full call number Barcode Date last seen Price effective from Koha item type Copy number
            US-Pakistan Center for Advanced Studies in Energy (USPCAS-E) US-Pakistan Center for Advanced Studies in Energy (USPCAS-E)   12/29/2015 Iqra 25128.00   621.31244 HAN 2011 CAS-E0001097 12/29/2015 12/29/2015 Book  
            US-Pakistan Center for Advanced Studies in Energy (USPCAS-E) US-Pakistan Center for Advanced Studies in Energy (USPCAS-E)   12/29/2015 Iqra 25128.00   621.31244 HAN 2011 CAS-E0001098 12/29/2015 12/29/2015 Book C.2
© 2023 Central Library, National University of Sciences and Technology. All Rights Reserved.